000 00870nam a22003017a 4500
001 4783
003 FISKH
005 20250815131302.0
008 241011b cb ||||| |||| 00| 0 eng d
020 _a9780439598439
040 _aFISKH
_beng
_cFISKH
_dFISKH
050 _aPZ7.T2193825
082 _a636.4
100 _aTeague, Mark
_d(1976-)
245 _aPigsty /
_cby Mark Teague
250 _aFirst edition in 2004
260 _aNew York :
_bScholastic,
_c2004.
300 _a30 pages :
_bcolor illustrations ;
_c26 cm
505 _aN
520 _aWhen Wendell doesn't clean up his room, a whole herd of pigs comes to live with him.
521 8 _a590
_bLexile
521 8 _aN
_bRaz-Plus
650 _2Animals
_aFiction
650 _2Picture book
_aResponsibility
700 _aTurner, David
_dillustrator
942 _2ddc
_cBK
_n0
999 _c4783
_d4783